| 000 | 00728nam a22002777a 4500 | ||
|---|---|---|---|
| 005 | 20241216111158.0 | ||
| 008 | 180319b2017 xxu||||| |||| 00| 0 spa d | ||
| 020 | _a9788491047803 | ||
| 041 | _aESP | ||
| 082 | _a612.823.3 M827n2 | ||
| 100 | _aMora Teruel, Francisco | ||
| 245 | _aNeuroeducación: solo se puede aprender aquello que se ama | ||
| 250 | _a2 edición | ||
| 260 | _aEspaña | ||
| 260 | _bAlianza Editorial | ||
| 260 | _c2017 | ||
| 300 | _a245 páginas | ||
| 650 | _aNEUROCIENCIAS | ||
| 650 | _aNEUROCIENCIAS COGNOSCITIVA | ||
| 650 | _aEDUCACIÓN | ||
| 650 | _aINVESTIGACIÓN | ||
| 650 | _aPSICOPEDAGOGÍA | ||
| 650 | _aAPRENDIZAJE | ||
| 650 | _aASPECTOS FISIOLÓGICOS | ||
| 942 |
_cBK _2ddc |
||
| 999 |
_c10471 _d10471 |
||